[Event "Faxe Dags EMT 2012"]
[Site "Faxe"]
[Date "2012.04.25"]
[Round "4"]
[White "Andersen, Hans Poul"]
[Black "Kjeldgaard, Lennart"]
[Result "0-1"]
[WhiteElo "1202"]
[BlackElo "1614"]
[PlyCount "110"]
[EventDate "2012.??.??"]

1. e4 e5 2. Nf3 Nc6 3. Nc3 Bc5 4. d3 d6 5. h3 Be6 6. Be2 Nf6 7. Na4 Bb6 8. Nxb6
axb6 9. a3 d5 10. Ng5 Nd4 11. Nxe6 Nxe6 12. Bf3 dxe4 13. dxe4 Qxd1+ 14. Bxd1
Nxe4 15. Bf3 Nd6 16. O-O Nd4 17. Bd1 O-O 18. c3 Nc6 19. Bc2 f5 20. b4 Kh8 21.
Re1 e4 22. Bb3 Nf7 23. Bd5 b5 24. Bxc6 bxc6 25. Bf4 Nd6 26. Red1 Nc4 27. Bxc7
Rfc8 28. Bf4 Rxa3 29. Rxa3 Nxa3 30. Ra1 Nc4 31. Ra7 Kg8 32. Rd7 Re8 33. Rc7 Re6
34. Rc8+ Kf7 35. Rc7+ Kf6 36. h4 h6 37. Rc8 Ne5 38. Bxe5+ Kxe5 39. Rd8 h5 40.
g3 f4 41. gxf4+ Kxf4 42. Kf1 Kg4 43. Rf8 Kxh4 44. Ke2 g5 45. Ke3 Kh3 46. Rf5
Kg4 47. Rf8 h4 48. Rh8 Rf6 49. Re8 Rf3+ 50. Ke2 Rxc3 51. Rxe4+ Kf5 52. Re8 Rc4
53. Rc8 h3 54. Ke3 h2 55. Rf8+ Kg6 0-1

[Event "Faxe Dags EMT 2012"]
[Site "Faxe"]
[Date "2012.04.25"]
[Round "4"]
[White "Hansen, Aage"]
[Black "Jakobsen, Henning"]
[Result "1-0"]
[WhiteElo "1613"]
[BlackElo "1395"]
[PlyCount "103"]
[EventDate "2012.??.??"]

1. e4 d6 2. d4 Nf6 3. Bd3 g6 4. c4 Bg7 5. Nc3 Nc6 6. Nge2 O-O 7. O-O Nd7 8. Be3
e5 9. d5 Ne7 10. Qd2 f5 11. f4 exf4 12. Nxf4 Ne5 13. Be2 fxe4 14. Nxe4 Nf5 15.
Bf2 Nf7 16. Rab1 Qe8 17. Nc3 Bh6 18. Rfe1 Ne5 19. g3 Ng7 20. Kg2 Bf5 21. Rbc1
Qd7 22. Qd4 Bxf4 23. gxf4 Bh3+ 24. Kh1 Ng4 25. Bg3 Nf5 26. Qg1 Nge3 27. Bf3
Rae8 28. Ne4 Ng4 29. Ng5 Nd4 30. Qxd4 Nf6 31. Nxh3 Qxh3 32. Rxe8 Nxe8 33. Bg2
Qh5 34. Qe3 Nf6 35. Bf3 Qf5 36. Qe6+ Kg7 37. Qxf5 gxf5 38. Bh4 Ng4 39. Rg1 Kh8
40. Bxg4 fxg4 41. Rxg4 h6 42. Bg3 Re8 43. Rg6 Kh7 44. Re6 Rg8 45. f5 Rg7 46. f6
Rf7 47. Re7 Kg8 48. Bh4 b6 49. Kg2 a6 50. Kf3 b5 51. cxb5 axb5 52. Kf4 1-0

[Event "Faxe Dags EMT 2012"]
[Site "Faxe"]
[Date "2012.04.20"]
[Round "4"]
[White "Andersen, Hans E"]
[Black "Adrian, Michael"]
[Result "1-0"]
[WhiteElo "1576"]
[BlackElo "1390"]
[PlyCount "61"]
[EventDate "2012.??.??"]

1. e4 Nf6 2. Nc3 e6 3. d3 b6 4. g3 Bb7 5. Bg2 d6 6. Nge2 Nbd7 7. O-O Ne5 8. b4
Qd7 9. a4 Be7 10. b5 c6 11. d4 Nc4 12. Qd3 d5 13. e5 Ng8 14. Bf4 h6 15. Rfb1 f6
16. Qg6+ Kf8 17. Bh3 f5 18. g4 Bg5 19. gxf5 Ne7 20. Qxe6 Qxe6 21. fxe6 Ng6 22.
Bg3 Ke7 23. f4 Bh4 24. f5 Bxg3 25. hxg3 Nf8 26. Nf4 Rc8 27. bxc6 Rxc6 28.
Ncxd5+ Ke8 29. Bg4 g6 30. f6 Bc8 31. f7+ 1-0

[Event "Faxe Dags EMT 2012"]
[Site "Faxe"]
[Date "2012.04.25"]
[Round "4"]
[White "Rasmussen, Frede"]
[Black "Karstensen, Preben"]
[Result "1-0"]
[WhiteElo "1514"]
[BlackElo "1354"]
[PlyCount "73"]
[EventDate "2012.??.??"]

1. d4 d6 2. b4 g6 3. Bf4 Bg7 4. h3 Nf6 5. Nf3 Nd5 6. Qd2 Nxf4 7. Qxf4 Nc6 8. c3
e5 9. Qd2 exd4 10. Nxd4 Nxd4 11. cxd4 O-O 12. Na3 c6 13. e3 Be6 14. Nc2 a5 15.
Be2 axb4 16. Qxb4 Qa5 17. Qxa5 Rxa5 18. a3 c5 19. O-O Bb3 20. Rfc1 Bxc2 21.
Rxc2 cxd4 22. Rd1 dxe3 23. fxe3 Rxa3 24. e4 Be5 25. Rc7 Ra1 26. Rxa1 Bxa1 27.
Bc4 Bd4+ 28. Kf1 b6 29. Ke2 Kg7 30. Kd3 Bc5 31. g4 g5 32. Ke2 Kg6 33. Kd3 h6
34. Rc6 f6 35. Rc7 Bf2 36. Be6 h5 37. Bf5+ 1-0

[Event "Faxe Dags EMT 2012"]
[Site "Faxe"]
[Date "2012.04.25"]
[Round "4"]
[White "Larsen, Poul Erik"]
[Black "Christoffersen, Ib"]
[Result "1-0"]
[WhiteElo "1307"]
[BlackElo "1452"]
[PlyCount "63"]
[EventDate "2012.??.??"]

1. e4 g6 2. d4 Bg7 3. Nf3 d6 4. c3 a6 5. Be2 Bd7 6. Nbd2 e6 7. O-O Ne7 8. a4
O-O 9. b4 a5 10. b5 c6 11. c4 c5 12. Bb2 f5 13. e5 dxe5 14. dxe5 f4 15. Ne4 b6
16. Nd6 Nf5 17. Nxf5 Rxf5 18. Qc2 Qe7 19. Bd3 Rf8 20. Rad1 Bc8 21. Be4 Ra7 22.
Rd6 Nd7 23. Rfd1 Rd8 24. Qd2 Qf7 25. Ng5 Qe7 26. Nxe6 Re8 27. Bd5 Kh8 28. Nxg7
Nxe5 29. Nxe8 Qxe8 30. Qxf4 Re7 31. Bxe5+ Rxe5 32. Qf6# 1-0

[Event "Faxe Dags EMT 2012"]
[Site "Faxe"]
[Date "2012.04.25"]
[Round "4"]
[White "Nielsen, Flemming"]
[Black "Joost, Kjeld"]
[Result "1-0"]
[WhiteElo "1399"]
[BlackElo "1254"]
[PlyCount "73"]
[EventDate "2012.??.??"]

1. e4 e5 2. Nf3 Nc6 3. Bc4 Nd4 4. Nc3 c6 5. a4 Qf6 6. Nxd4 exd4 7. Ne2 Qg6 8.
Ng3 Nf6 9. O-O Bd6 10. e5 Bxe5 11. Re1 d6 12. f4 Bg4 13. Be2 Bxf4 14. Bxg4+ Kd8
15. Bf5 Qg5 16. d3 Be3+ 17. Bxe3 dxe3 18. Qf3 g6 19. Bh3 Re8 20. Ne4 Nxe4 21.
dxe4 f5 22. exf5 gxf5 23. Rad1 d5 24. c4 Kc7 25. cxd5 Rad8 26. dxc6 Rxd1 27.
Rxd1 e2 28. Re1 Qd2 29. Qf2 Re4 30. g3 f4 31. Bg4 fxg3 32. Qxg3+ Rf4 33. Rxe2
Qc1+ 34. Re1 Qc5+ 35. Kg2 Qxc6+ 36. Bf3 Qd6 37. Qg7+ 1-0

[Event "Faxe Dags EMT 2012"]
[Site "Faxe"]
[Date "2012.05.02"]
[Round "5"]
[White "Christensen, Lars (1957)"]
[Black "Petersen, Bent"]
[Result "1/2-1/2"]
[WhiteElo "1901"]
[BlackElo "1915"]
[PlyCount "177"]
[EventDate "2012.??.??"]

1. e4 c5 2. b4 cxb4 3. a3 e6 4. axb4 Bxb4 5. c3 Be7 6. e5 d6 7. f4 Nc6 8. Nf3
dxe5 9. fxe5 f6 10. Bb5 Qd5 11. Qe2 Bd7 12. Bc4 Qc5 13. d4 Qb6 14. Be3 Nd8 15.
Nbd2 fxe5 16. dxe5 Bc5 17. Bxc5 Qxc5 18. Ne4 Qc7 19. Nd6+ Ke7 20. O-O Nh6 21.
Ng5 Nf5 22. Bxe6 Qc5+ 23. Kh1 Ne3 24. Nge4 Qxe5 25. Qxe3 Bxe6 26. c4 Rf8 27.
Rfb1 Rf4 28. g3 Rxe4 29. Nxe4 Bxc4 30. Re1 Bd5 31. Rad1 Ne6 32. Kg1 Bxe4 33.
Qxe4 Qxe4 34. Rxe4 Rc8 35. Ra1 a6 36. Rb4 Rc7 37. Rb6 Nd8 38. Rd1 Rc6 39. Rb2
b5 40. Re2+ Ne6 41. Red2 b4 42. Rd7+ Kf6 43. Rb7 a5 44. Ra1 Rc5 45. Rb6 Re5 46.
Ra6 h6 47. R6xa5 Rxa5 48. Rxa5 Nd4 49. Kf2 b3 50. Ke3 b2 51. Ra6+ Kg5 52. Rb6
Nc2+ 53. Kf2 Nd4 54. Rxb2 Ne6 55. h3 h5 56. Ke3 g6 57. Rb5+ Kf6 58. h4 Kg7 59.
Rb6 Nf8 60. Kf4 Kh6 61. Rf6 Nd7 62. Rf7 Nc5 63. g4 hxg4 64. Kxg4 Ne4 65. Rf4
Nd6 66. Ra4 Nf7 67. Ra6 Ne5+ 68. Kf4 Nd3+ 69. Kg3 Ne5 70. Re6 Nd3 71. Re2 Kh5
72. Rd2 Nb4 73. Rd4 Nc6 74. Rd5+ Kh6 75. Kg4 Ne7 76. Re5 Nc6 77. Re6 Nd4 78.
Ra6 Ne2 79. h5 Nd4 80. hxg6 Kg7 81. Kg5 Nf3+ 82. Kh5 Ne5 83. Ra7+ Kg8 84. g7
Nf7 85. Kg6 Ne5+ 86. Kf6 Ng4+ 87. Kg5 Ne5 88. Kf6 Ng4+ 89. Kg6 1/2-1/2

[Event "Faxe Dags EMT 2012"]
[Site "Faxe"]
[Date "2012.05.02"]
[Round "5"]
[White "Eckert, Svend"]
[Black "Jensen, Leif"]
[Result "0-1"]
[WhiteElo "1630"]
[BlackElo "1982"]
[PlyCount "124"]
[EventDate "2012.??.??"]

1. c4 e5 2. Nc3 g6 3. e3 Bg7 4. d4 d6 5. d5 f5 6. e4 Nf6 7. Bg5 h6 8. Bxf6 Qxf6
9. Bd3 O-O 10. Nf3 Nd7 11. b4 fxe4 12. Nxe4 Qf4 13. O-O Nb6 14. Nfd2 Bg4 15. f3
Qe3+ 16. Nf2 Bf5 17. Bxf5 gxf5 18. Rc1 Bf6 19. Re1 Qa3 20. Qb3 Qxb3 21. Nxb3
Kf7 22. Red1 Bg5 23. Rc2 Nd7 24. Rd3 Be7 25. Nd1 c6 26. a3 Nb6 27. Na5 Rac8 28.
dxc6 bxc6 29. Ne3 Ke6 30. Nb3 d5 31. c5 Nd7 32. g3 Bf6 33. Re2 e4 34. fxe4 fxe4
35. Rd1 Be5 36. Nd4+ Bxd4 37. Rxd4 Ne5 38. Kg2 Rc7 39. Rdd2 Rf3 40. Nc2 Rcf7
41. Nd4+ Kd7 42. Rxe4 Nc4 43. Nxf3 Nxd2 44. Ne5+ Kc7 45. Nxf7 Nxe4 46. Nxh6 a5
47. g4 Kd7 48. Nf5 axb4 49. axb4 Nc3 50. Nd4 Na2 51. Nc2 Ke6 52. h4 Ke5 53. Kf3
d4 54. Ke2 Ke4 55. g5 d3+ 56. Kd2 dxc2 57. Kxc2 Nxb4+ 58. Kb3 Nd5 59. g6 Nf6
60. g7 Kd5 61. Kb4 Ng8 62. h5 Nh6 0-1

[Event "Faxe Dags EMT 2012"]
[Site "Faxe"]
[Date "2012.05.02"]
[Round "5"]
[White "Brinkhard, Anders"]
[Black "Christoffersen, Per"]
[Result "0-1"]
[WhiteElo "1557"]
[BlackElo "1646"]
[PlyCount "96"]
[EventDate "2012.??.??"]

1. Nf3 d5 2. d4 e6 3. c3 Bd6 4. e3 Nf6 5. Nbd2 O-O 6. Bd3 c5 7. O-O Nc6 8. Re1
c4 9. Bc2 b5 10. e4 Be7 11. e5 Ne8 12. Nf1 f6 13. Bf4 fxe5 14. Bxe5 Bf6 15. Qd2
Bxe5 16. Nxe5 Nxe5 17. Rxe5 Qf6 18. Ng3 Qf4 19. Qxf4 Rxf4 20. Rae1 Nd6 21. f3
Bd7 22. a3 a5 23. Nh5 Rf7 24. Ng3 b4 25. axb4 axb4 26. Rb1 b3 27. Bd1 Nc8 28.
Nf1 Nb6 29. Be2 Ra2 30. Ne3 Rf8 31. Nd1 Rfa8 32. Kf2 Ra1 33. Rxa1 Rxa1 34. f4
g6 35. g4 Kf7 36. h4 Na4 37. h5 Rb1 38. hxg6+ hxg6 39. f5 Nxb2 40. Nxb2 Rxb2
41. fxg6+ Kxg6 42. Kg3 Rd2 43. Kh4 b2 44. g5 Rxe2 45. Rxe2 b1=Q 46. Rf2 Qe1 47.
Kg3 Qxc3+ 48. Rf3 Qxd4 0-1

[Event "Faxe Dags EMT 2012"]
[Site "Faxe"]
[Date "2012.05.02"]
[Round "5"]
[White "Wehlast, Svend Erik"]
[Black "Ostrem, Eyolf"]
[Result "0-1"]
[WhiteElo "1475"]
[BlackElo "1414"]
[PlyCount "128"]
[EventDate "2012.??.??"]

1. d4 d5 2. Bf4 Nf6 3. h3 e6 4. Nf3 c5 5. e3 Nc6 6. Bb5 Qa5+ 7. Nc3 Ne4 8.
Bxc6+ bxc6 9. O-O Nxc3 10. bxc3 Qxc3 11. dxc5 Bxc5 12. Be5 Qa5 13. Bxg7 Rg8 14.
Be5 Ba6 15. Re1 Bc4 16. c3 Be7 17. Qd4 c5 18. Qf4 Bd3 19. Bf6 Be4 20. Ng5 Bg6
21. e4 d4 22. cxd4 cxd4 23. Bxe7 Kxe7 24. e5 Qd5 25. Ne4 Bf5 26. Qh4+ Kf8 27.
Qh6+ Rg7 28. Qf4 Bxh3 29. g3 Rc8 30. Rac1 Rd8 31. Qh6 Bf5 32. Nf6 Qf3 33. Nh5
Qg4 34. Nxg7 Qxg7 35. Qf6 Qxf6 36. exf6 d3 37. Re3 d2 38. Rd1 Bc2 39. Rxd2 Rxd2
40. Rc3 Ba4 41. Rc7 a6 42. Ra7 Rd6 43. g4 e5 44. g5 Ke8 45. Re7+ Kf8 46. Rxe5
Re6 47. Rc5 Be8 48. Kh2 Re2 49. Ra5 Bb5 50. Kg3 Rd2 51. Ra3 Rd3+ 52. Rxd3 Bxd3
53. Kf4 Ke8 54. Ke5 Kd7 55. Kd5 Bf5 56. a3 Be6+ 57. Ke5 Kc6 58. f4 Kc5 59. f5
Bb3 60. a4 a5 61. Kf4 Kd4 62. Kg4 Ke4 63. g6 hxg6 64. fxg6 fxg6 0-1

[Event "Faxe Dags EMT 2012"]
[Site "Faxe"]
[Date "2012.05.02"]
[Round "5"]
[White "Larsen, Paul M"]
[Black "Nielsen, Harald"]
[Result "0-1"]
[WhiteElo "1293"]
[BlackElo "1393"]
[PlyCount "131"]
[EventDate "2012.??.??"]

1. d4 d5 2. Nf3 a6 3. e3 e6 4. Bd3 c5 5. c3 c4 6. Bc2 b5 7. O-O Nf6 8. Nbd2 Bd6
9. h3 O-O 10. e4 dxe4 11. Nxe4 Nxe4 12. Bxe4 Ra7 13. Bxh7+ Kxh7 14. Ng5+ Kg6
15. Ne4 f6 16. Qg4+ Kf7 17. Qh5+ Kg8 18. Qg6 Qe7 19. Bh6 Bc7 20. Rae1 Qf7 21.
Qxf7+ Rxf7 22. Bd2 Nd7 23. f4 f5 24. Ng5 Re7 25. Nxe6 Nf6 26. Nxc7 Raxc7 27.
Re5 Ne4 28. Be1 g6 29. Bh4 Rxe5 30. fxe5 Rd7 31. Re1 Rd5 32. g4 Kf7 33. g5 Ke6
34. Kg2 Rd7 35. Rf1 Bb7 36. Kh2 Rh7 37. Rf4 a5 38. Be1 Nxg5 39. h4 Nf3+ 40.
Rxf3 Bxf3 41. Kg3 Be4 42. Bd2 a4 43. a3 Bd5 44. Bg5 f4+ 45. Kxf4 Rf7+ 46. Bf6
Rxf6+ 47. exf6 Kxf6 48. Kg4 Ke6 49. Kg5 Be4 50. Kf4 Kd5 51. Kg5 Bd3 52. Kf4 Ke6
53. Kg5 Bc2 54. Kf4 Kf7 55. Kg4 Bf5+ 56. Kf4 Kg7 57. Ke5 Kf7 58. Kd6 Ke8 59.
Ke5 Ke7 60. h5 Kf7 61. h6 Bd7 62. Kf4 Kf6 63. d5 g5+ 64. Kg3 g4 65. Kf4 Kg6 66.
d6 0-1

[Event "Faxe Dags EMT 2012"]
[Site "Faxe"]
[Date "2012.05.02"]
[Round "5"]
[White "Kjeldgaard, Lennart"]
[Black "Rasmussen, Frede"]
[Result "1-0"]
[WhiteElo "1614"]
[BlackElo "1514"]
[PlyCount "73"]
[EventDate "2012.??.??"]

1. e4 e6 2. d4 h6 3. Nc3 d6 4. Bd3 Bd7 5. Be3 a6 6. Nf3 Nc6 7. a3 g5 8. h3 Bg7
9. Ne2 e5 10. d5 Nce7 11. Ng3 Ng6 12. Nh5 Rh7 13. Qd2 Nf4 14. Bxf4 gxf4 15. g3
Qc8 16. Rg1 Nf6 17. Nxf6+ Bxf6 18. gxf4 Ke7 19. fxe5 Bg5 20. Nxg5 Qg8 21. exd6+
cxd6 22. e5 Rg7 23. exd6+ Kd8 24. Nxf7+ Qxf7 25. Rxg7 Qxg7 26. O-O-O Kc8 27.
Qc3+ Qxc3 28. bxc3 Kb8 29. c4 Ka7 30. f4 Rf8 31. f5 Kb6 32. Rg1 Kc5 33. Rg7
Bxf5 34. Rc7+ Kd4 35. Bxf5 Rxf5 36. d7 Kc3 37. Kd1 1-0

[Event "Faxe Dags EMT 2012"]
[Site "Faxe"]
[Date "2012.05.02"]
[Round "5"]
[White "Sorensen, Lindved"]
[Black "Hansen, Aage"]
[Result "0-1"]
[WhiteElo "1501"]
[BlackElo "1613"]
[PlyCount "58"]
[EventDate "2012.??.??"]

1. Nf3 e6 2. c4 Nf6 3. d3 Be7 4. g3 O-O 5. Bg2 c6 6. O-O d5 7. cxd5 cxd5 8. Bf4
Nc6 9. Nc3 a6 10. Rc1 Bd7 11. Na4 Nh5 12. Be3 Bd6 13. Nd4 Rb8 14. Nb6 Nxd4 15.
Bxd4 Bc6 16. e4 e5 17. Qxh5 exd4 18. Nxd5 Qd7 19. Bh3 f5 20. Bxf5 Rxf5 21. Qxf5
Qxf5 22. exf5 Bxd5 23. a3 b6 24. Rfe1 Kf7 25. Re2 Kf6 26. g4 Kg5 27. h3 Kh4 28.
Rce1 Kxh3 29. Re8 Bh2+ 0-1

[Event "Faxe Dags EMT 2012"]
[Site "Faxe"]
[Date "2012.05.02"]
[Round "5"]
[White "Toftvang, Ove"]
[Black "Andersen, Hans E"]
[Result "0-1"]
[WhiteElo "1252"]
[BlackElo "1576"]
[PlyCount "94"]
[EventDate "2012.??.??"]

1. d4 Nf6 2. Nf3 g6 3. c4 d5 4. Bg5 Bg7 5. c5 c6 6. Bxf6 Bxf6 7. e3 O-O 8. Be2
b6 9. b4 Na6 10. O-O bxc5 11. bxc5 Nxc5 12. Nbd2 Ne6 13. Rb1 Bd7 14. Ne5 Qc7
15. f4 c5 16. f5 gxf5 17. Nxd7 Qxd7 18. Rxf5 Nxd4 19. Bg4 Nxf5 20. Qf3 e6 21.
Kh1 Nh4 22. Qxf6 Ng6 23. Rf1 Qe7 24. Qf2 f5 25. Bh5 c4 26. Bxg6 hxg6 27. Nf3
Qf6 28. g3 Rab8 29. h4 Rb2 30. Qe1 Rfb8 31. Qa5 Rb1 32. Re1 Rxe1+ 33. Qxe1 Rb2
34. Qa5 Rb1+ 35. Ng1 Qe7 36. Kh2 Rb2+ 37. Kh3 Qb7 38. Qe1 d4 39. e4 Qxe4 40.
Qxe4 fxe4 41. Kg4 d3 42. Kf4 d2 43. Nh3 d1=Q 44. Ng5 Qd6+ 45. Kxe4 Qd5+ 46. Ke3
e5 47. Nf3 Qd3# 0-1

[Event "Faxe Dags EMT 2012"]
[Site "Faxe"]
[Date "2012.05.02"]
[Round "5"]
[White "Hansen, Borge"]
[Black "Refsgaard, Kaj"]
[Result "1-0"]
[WhiteElo "1581"]
[BlackElo "1428"]
[PlyCount "112"]
[EventDate "2012.??.??"]

1. e4 c5 2. Nc3 Nc6 3. d3 g6 4. Bd2 Bg7 5. Nf3 d6 6. Be2 Nf6 7. O-O O-O 8. a3
Rb8 9. Rb1 b5 10. b4 cxb4 11. axb4 Bb7 12. Nxb5 Ba6 13. Na3 Bc8 14. b5 Na5 15.
c4 Nb7 16. Nc2 Qc7 17. Nb4 Nc5 18. Be3 Re8 19. Nd4 Ra8 20. Bf3 Bb7 21. Nb3 Red8
22. Qc2 Qc8 23. Na5 e5 24. Nxb7 Nxb7 25. Nc6 Rd7 26. Nxa7 Qe8 27. Ra1 Qe6 28.
Ra2 Ng4 29. Bxg4 Qxg4 30. f3 Qe6 31. Rfa1 f5 32. Nc6 Rf8 33. Ra8 Rdf7 34. Rxf8+
Rxf8 35. Ra7 Nc5 36. Ne7+ Kh8 37. Nd5 Nd7 38. Ra6 Nb8 39. Ra8 fxe4 40. fxe4 Qf7
41. Qf2 Qd7 42. Qe2 h5 43. h3 Kh7 44. Ra7 Qd8 45. b6 Nd7 46. Qd2 Nc5 47. Bh6
Rg8 48. Bg5 Qf8 49. Nf6+ Kh8 50. Nxg8 Kxg8 51. b7 Nd7 52. Ra8 Nb8 53. Qa2 Kh7
54. Qa7 Bh6 55. Qxb8 Qxb8 56. Rxb8 Bxg5 1-0

[Event "Faxe Dags EMT 2012"]
[Site "Faxe"]
[Date "2012.05.02"]
[Round "5"]
[White "Hansen, Knud"]
[Black "Hansen, Arne Mandrup"]
[Result "1/2-1/2"]
[WhiteElo "1506"]
[BlackElo "1313"]
[PlyCount "58"]
[EventDate "2012.??.??"]

1. e4 g6 2. d3 Bg7 3. g3 d6 4. Bg2 Nf6 5. Ne2 c6 6. O-O O-O 7. Nbc3 Na6 8. a3
Nc7 9. Rb1 Rb8 10. Be3 c5 11. Qc1 a5 12. a4 Ng4 13. Bd2 b6 14. h3 Nf6 15. b3
Bd7 16. Kh2 e5 17. Ng1 b5 18. axb5 Nxb5 19. Nxb5 Bxb5 20. Ra1 Ra8 21. Qe1 a4
22. bxa4 Bxa4 23. Qc1 Qd7 24. c4 Rfb8 25. Bc3 Rb3 26. Qd2 Qb7 27. Ne2 Bc6 28.
Rxa8+ Qxa8 29. Ra1 Qb7 1/2-1/2

[Event "Faxe Dags EMT 2012"]
[Site "Faxe"]
[Date "2012.05.02"]
[Round "5"]
[White "Karstensen, Preben"]
[Black "Nielsen, Flemming"]
[Result "1-0"]
[WhiteElo "1354"]
[BlackElo "1399"]
[PlyCount "153"]
[EventDate "2012.??.??"]

1. e4 e5 2. Nf3 Nc6 3. Bb5 Nf6 4. d3 Be7 5. O-O d6 6. h3 Bd7 7. Bxc6 Bxc6 8. c4
Qd7 9. Nc3 O-O-O 10. b4 Qe8 11. b5 Bd7 12. Nh2 h5 13. f4 h4 14. f5 Qg8 15. Ng4
Nh5 16. Nd5 Bf8 17. Qf3 Kb8 18. a4 Rc8 19. a5 c6 20. bxc6 Bxc6 21. Nb4 g5 22.
Be3 Bd7 23. Bf2 f6 24. Qe3 Kc7 25. Qxa7 Kd8 26. Nd5 Be7 27. Nb6 Rc7 28. Nd5 Rc8
29. Qxb7 Ke8 30. Nb6 Rd8 31. Nd5 Kf7 32. Nxe7 Kxe7 33. Qd5 Qe8 34. c5 Bc6 35.
cxd6+ Rxd6 36. Qb3 Nf4 37. Bc5 Qd7 38. Bxd6+ Qxd6 39. Qa3 Nxd3 40. Qxd6+ Kxd6
41. Nxf6 Nf4 42. Rad1+ Kc7 43. Rfe1 Ra8 44. Ra1 Nd3 45. Red1 Nc5 46. Nd5+ Kb7
47. Rdb1+ Kc8 48. Nb6+ Kc7 49. Nxa8+ Bxa8 50. Rc1 Kd6 51. Rd1+ Kc6 52. Rd5 Nxe4
53. Rxe5 Kd6 54. Rb5 Nf6 55. Rd1+ Ke7 56. Re5+ Kf7 57. Rde1 Nh5 58. Re7+ Kf6
59. Ra7 Bd5 60. Rd1 Be4 61. Kf2 Bxf5 62. Rd6+ Ke5 63. Rh6 Nf4 64. Re7+ Kd5 65.
Rf6 Nd3+ 66. Kf3 Ne5+ 67. Ke2 Bd3+ 68. Kf2 g4 69. Rxe5+ Kxe5 70. Rh6 g3+ 71.
Kg1 Kd5 72. Rxh4 Kc6 73. Rg4 Kb5 74. Rxg3 Bc4 75. Rg5+ Kc6 76. h4 Kd6 77. a6
1-0

[Event "Faxe Dags EMT 2012"]
[Site "Faxe"]
[Date "2012.05.02"]
[Round "5"]
[White "Adrian, Michael"]
[Black "Andersen, Hans Poul"]
[Result "1-0"]
[WhiteElo "1390"]
[BlackElo "1202"]
[PlyCount "103"]
[EventDate "2012.??.??"]

1. e4 e5 2. Nf3 d6 3. Bc4 h6 4. d4 Nd7 5. Nc3 Be7 6. Be3 Ngf6 7. h3 a6 8. a3 b5
9. Ba2 O-O 10. Qe2 Bb7 11. O-O-O Nxe4 12. Nxe4 Bxe4 13. dxe5 Bxf3 14. Qxf3 Nxe5
15. Qg3 Ng6 16. f4 Kh8 17. Bxf7 Rxf7 18. Qxg6 Qf8 19. g4 Rf6 20. Qh5 Qf7 21.
Rd5 Qxh5 22. Rxh5 Re6 23. Kd2 Rf8 24. g5 Kh7 25. Rf1 Rf5 26. Rg1 Rg6 27. Rh4 c5
28. Rhg4 d5 29. c3 a5 30. gxh6 Rxg4 31. hxg4 Rf7 32. hxg7 Kxg7 33. g5 Bd6 34.
Rf1 Kg6 35. Ke2 Kf5 36. Kf3 Rh7 37. Rg1 Rh3+ 38. Rg3 Rxg3+ 39. Kxg3 d4 40. cxd4
cxd4 41. Bd2 a4 42. Kf3 Bc5 43. Ke2 Bb6 44. Kd3 Ba7 45. Kc2 Bb8 46. b3 Bd6 47.
bxa4 bxa4 48. Bc1 Bc5 49. Kd3 Ba7 50. Kc4 Ke4 51. g6 d3 52. g7 1-0

[Event "Faxe Dags EMT 2012"]
[Site "Faxe"]
[Date "2012.05.02"]
[Round "5"]
[White "Joost, Kjeld"]
[Black "Christoffersen, Ib"]
[Result "0-1"]
[WhiteElo "1254"]
[BlackElo "1452"]
[PlyCount "42"]
[EventDate "2012.??.??"]

1. e4 e5 2. Nf3 d6 3. Bc4 h6 4. Nc3 Nf6 5. d3 Be7 6. h3 Nc6 7. a3 O-O 8. Be3
Nh7 9. Nd5 a6 10. c3 b5 11. Ba2 Bf6 12. Qd2 Ne7 13. d4 Be6 14. Rc1 c6 15. Nb4
Bxa2 16. Nxa2 a5 17. g4 exd4 18. cxd4 Ng6 19. h4 Bxh4 20. Nxh4 Nxh4 21. Rh2
Nf3+ 0-1

[Event "Faxe Dags EMT 2012"]
[Site "Faxe"]
[Date "2012.05.09"]
[Round "6"]
[White "Petersen, Bent"]
[Black "Jensen, Leif"]
[Result "1/2-1/2"]
[WhiteElo "1915"]
[BlackElo "1982"]
[PlyCount "141"]
[EventDate "2012.??.??"]

1. d4 d5 2. c4 c6 3. Nc3 Nf6 4. Nf3 e6 5. e3 Nbd7 6. Qc2 Bd6 7. Bd3 dxc4 8.
Bxc4 e5 9. h3 h6 10. O-O exd4 11. exd4 O-O 12. Be3 Nb6 13. Bb3 Re8 14. Bxh6
gxh6 15. Qg6+ Kh8 16. Bxf7 Bf8 17. Bxe8 Nxe8 18. Ne5 Nd6 19. Rae1 Qg5 20. Ne4
Qxg6 21. Nxg6+ Kg7 22. Nxf8 Nxe4 23. Rxe4 Kxf8 24. Rfe1 Bd7 25. Rf4+ Kg8 26.
Rh4 Kg7 27. Re7+ Kg6 28. b3 Re8 29. Rhe4 Rxe7 30. Rxe7 Kf6 31. Re5 Nd5 32. Kh2
Nb4 33. Re2 a5 34. g4 b5 35. Kg3 Nd5 36. a3 Nc3 37. Re1 Be6 38. b4 axb4 39.
axb4 Bc4 40. Kf3 Nd5 41. Rb1 Be2+ 42. Kg3 Bc4 43. f4 Nc3 44. Rb2 Ne2+ 45. Kf3
Nxd4+ 46. Ke3 Ne6 47. h4 Bd5 48. f5 Nf8 49. Kf4 Nd7 50. g5+ hxg5+ 51. hxg5+ Kf7
52. Rh2 Kg7 53. f6+ Nxf6 54. gxf6+ Kxf6 55. Rh6+ Ke7 56. Ke5 Kd7 57. Rh7+ Kc8
58. Kd6 Kb8 59. Rc7 Bg2 60. Rxc6 Bxc6 61. Kxc6 Kc8 62. Kxb5 Kb7 63. Kc5 Kc7 64.
b5 Kb7 65. b6 Kb8 66. Kc6 Kc8 67. Kb5 Kb7 68. Ka5 Kb8 69. Ka6 Ka8 70. b7+ Kb8
71. Kb6 1/2-1/2

[Event "Faxe Dags EMT 2012"]
[Site "Faxe"]
[Date "2012.05.09"]
[Round "6"]
[White "Christoffersen, Per"]
[Black "Christensen, Lars (1957)"]
[Result "0-1"]
[WhiteElo "1646"]
[BlackElo "1901"]
[PlyCount "74"]
[EventDate "2012.??.??"]

1. d4 d5 2. Nf3 f5 3. e3 Nf6 4. c4 c6 5. Nc3 e6 6. Bd3 Nbd7 7. O-O Bd6 8. Qc2
Ne4 9. c5 Bc7 10. b4 a6 11. a4 O-O 12. a5 g5 13. g3 e5 14. dxe5 Nxe5 15. Nxe5
Bxe5 16. Bb2 Qf6 17. Rac1 Qe7 18. Ne2 Bxb2 19. Qxb2 g4 20. Nf4 Ng5 21. Kg2 Nh3
22. Rce1 Ng5 23. Re2 Bd7 24. Bb1 Rae8 25. Qd4 Qf7 26. Rd1 Re7 27. Rh1 Rfe8 28.
h4 Nf3 29. Qd3 Qg7 30. h5 Re4 31. h6 Qe5 32. Ba2 Rxb4 33. Nxd5 cxd5 34. Bxd5+
Kh8 35. Rh5 Nd4 36. Bf7 Bc6+ 37. Kh2 Nf3+ 0-1

[Event "Faxe Dags EMT 2012"]
[Site "Faxe"]
[Date "2012.05.09"]
[Round "6"]
[White "Frederiksen, Uffe"]
[Black "Nielsen, Harald"]
[Result "1-0"]
[WhiteElo "1712"]
[BlackElo "1393"]
[PlyCount "61"]
[EventDate "2012.??.??"]

1. e4 e5 2. d4 d6 3. Bc4 Nf6 4. dxe5 Nxe4 5. Bxf7+ Kxf7 6. Qd5+ Be6 7. Qxe4 d5
8. Qd3 Bc5 9. Nf3 h6 10. Be3 Bxe3 11. Qxe3 Rf8 12. Nc3 Kg8 13. Nd4 Bf7 14.
O-O-O Re8 15. f4 c5 16. Nf5 d4 17. Qg3 g6 18. Ne4 Kh7 19. Nf6+ Kh8 20. Nxh6 Re7
21. Nxf7+ Rxf7 22. Qxg6 Rxf6 23. exf6 Qg8 24. f5 Qxg6 25. fxg6 Nd7 26. c3 Nxf6
27. cxd4 Kg7 28. dxc5 Kxg6 29. Rd6 Rc8 30. b4 b6 31. Rf1 1-0

[Event "Faxe Dags EMT 2012"]
[Site "Faxe"]
[Date "2012.05.09"]
[Round "6"]
[White "Ostrem, Eyolf"]
[Black "Strandsbjerg, Jens"]
[Result "1-0"]
[WhiteElo "1414"]
[BlackElo "1433"]
[PlyCount "101"]
[EventDate "2012.??.??"]

1. d4 Nf6 2. Nf3 e6 3. Bf4 b6 4. e3 Bb7 5. Nbd2 Be7 6. Bd3 O-O 7. h3 d5 8. c3
c5 9. Qc2 cxd4 10. exd4 h6 11. O-O Bd6 12. Ne5 Nh5 13. Bh7+ Kh8 14. Nxf7+ Rxf7
15. Bxd6 Qxd6 16. Bg6 Rf6 17. Bxh5 Nd7 18. Bg4 Raf8 19. Nf3 Re8 20. Rfe1 Qe7
21. Re3 Qf7 22. Ne5 Nxe5 23. Rxe5 g6 24. Qe2 Bc8 25. Re1 Kg7 26. h4 h5 27. Bf3
Rf8 28. Rg5 Rf5 29. Rxf5 Qxf5 30. Qe5+ Qxe5 31. Rxe5 Rf6 32. Be2 a6 33. a4 Kf7
34. Re3 Ke7 35. Rf3 Bb7 36. Rxf6 Kxf6 37. Bd3 Bc8 38. f4 Bb7 39. Kf2 Bc8 40.
Ke3 Bb7 41. g3 Bc8 42. b3 Bb7 43. Kd2 Bc8 44. Kc2 Bb7 45. Kb2 Bc8 46. Ka3 Bb7
47. Kb4 Bc8 48. a5 b5 49. Kc5 Bd7 50. Kb6 Bc8 51. Kc7 1-0

[Event "Faxe Dags EMT 2012"]
[Site "Faxe"]
[Date "2012.05.09"]
[Round "6"]
[White "Hansen, Aage"]
[Black "Eckert, Svend"]
[Result "1-0"]
[WhiteElo "1613"]
[BlackElo "1630"]
[PlyCount "130"]
[EventDate "2012.??.??"]

1. e4 c6 2. d4 e6 3. c4 Bb4+ 4. Nc3 d5 5. exd5 exd5 6. Nf3 Nf6 7. Bd2 Bxc3 8.
Bxc3 O-O 9. Bd3 Re8+ 10. Ne5 Nbd7 11. O-O Nxe5 12. dxe5 Ng4 13. cxd5 Qxd5 14.
Qc2 g6 15. Rfe1 Qc5 16. Qe2 Be6 17. Rac1 Rad8 18. b4 Qb6 19. Rc2 Rxd3 20. Qxd3
Bf5 21. Qc4 Bxc2 22. Qxg4 Bf5 23. Qh4 Re6 24. Rd1 c5 25. a3 Kg7 26. Qf4 cxb4
27. axb4 Qc6 28. Rc1 Qd5 29. h4 h5 30. Bd2 g5 31. hxg5 Kg6 32. Re1 b6 33. Qe3
a5 34. bxa5 bxa5 35. f4 a4 36. Bb4 Qb3 37. Qc5 Re8 38. Rc1 Be6 39. Rf1 h4 40.
Qd4 h3 41. Rf3 Qb1+ 42. Kh2 hxg2 43. Kxg2 Qc2+ 44. Bd2 Qf5 45. Kf2 Rh8 46. Qd3
Ra8 47. Bb4 Qxd3 48. Rxd3 Kf5 49. Ke3 Bb3 50. Ba3 Rh8 51. Bc1 Rh3+ 52. Kd4 Rh1
53. Bd2 Rd1 54. Ke3 Bc2 55. Rd7 Bb3 56. Ke2 a3 57. Ra7 Rxd2+ 58. Kxd2 a2 59.
Ke3 Bd5 60. Ra5 Be6 61. Ra4 Bd5 62. Kd4 Bb3 63. Ra3 Be6 64. Ra6 Kxf4 65. g6
fxg6 1-0